| 000 | 00472nam a2200097Ia 4500 | ||
|---|---|---|---|
| 008 | 180130s9999 xx 000 0 und d | ||
| 245 |
_cZhu, Yanmei; McKelvey, Maureen _aBusiness models in Big Data in China: designing new opportunities through sequencing and bioinformatics |
||
| 260 | _c2013 | ||
| 300 | _aBook title: How entrepreneurs do what they do : case studies in knowledge intensive entrepreneurship--Acession number C17365; pages 189-204 | ||
| 650 | _aENTREPRENEURSHIP | ||
| 999 |
_c354470 _d354470 |
||